Europäische Wirtschaftsstatistik Geschichte, Daten, Hintergründe

Uložené v:
Podrobná bibliografia
Hlavný autor: Leiner, Bernd
Médium: Kniha
Jazyk:German
Vydavateľské údaje: München Oldenbourg 1993
Vydanie:2. völlig überarb. und erw. Aufl.
Predmet:
Tagy: Pridať tag
Žiadne tagy, Buďte prvý, kto otaguje tento záznam!

MARC

LEADER 00000nam a2200000 4500
001 c010021
005 20221214083518.9
020 |a 3-486-22565-0 
041 0 |a ger 
044 |a DE 
245 1 0 |a Europäische Wirtschaftsstatistik  |b Geschichte, Daten, Hintergründe  |c Bernd Leiner 
250 |a 2. völlig überarb. und erw. Aufl. 
264 1 |a München  |b Oldenbourg  |c 1993 
300 |a 147 s. 
610 2 0 |a Európa 
610 2 0 |a štatistika ekonomická 
100 1 |a Leiner, Bernd